000 00912nam a22002657a 4500
005 20130527150530.0
008 080826t xxu||||| |||| 00| 0 eng d
010 _aB-506592-593
020 _a9788131727102
_c499.00
035 _aB-506592-593
037 _aKKP/Ven
040 _aDPL
_bEnglish
082 _a547.2
100 _aMann, F G
245 _aPractical organic Chemistry /
_cby F G Mann [and]B C Saunders
246 _aPractical organic Chemistry
250 _a4th edition
260 _aDelhi
_bPearson Education
_c2013
270 _a7th Floor, Knowledge Boulevard, A-8(A), Sec-62
_bNoida
_e201309
300 _a587p.
_c21 cm (pbk)
500 _a.
700 _dSaunders, B C
942 _2ddc
_cEN
_mMAN
_h547.2
999 _c76063
_d76063